Statistics for Top 10 Least Famous Countries

Click here to take the quiz!

General Stats

  • This quiz has been taken 1,211 times
  • The average score is 7 of 10

Answer Stats

%country% Correct
24Nauru
87%
25Palau
85%
27Tuvalu
83%
26Vanuatu
80%
27Marshall Islands
79%
25Kiribati
77%
23São Tomé
and Príncipe
72%
24Comoros
63%
25St Vincent and
the Grenadines
58%
25Grenada
51%

Score Distribution

Percentile by Number Answered

Percent of People with Each Score

Your Score History

You have not taken this quiz